|
|
|
|
| LEADER |
00000nam0a2200000 4500 |
| 001 |
275464 |
| 005 |
20231101234827.0 |
| 020 |
|
|
|a RU
|b 85-108378
|
| 035 |
|
|
|a (RuTPU)RU\TPU\book\298705
|
| 090 |
|
|
|a 275464
|
| 100 |
|
|
|a 20141114d1985 km y0rusy5003 ca
|
| 101 |
0 |
|
|a rus
|
| 102 |
|
|
|a RU
|
| 105 |
|
|
|a a z 001zy
|
| 200 |
1 |
|
|a Планета Венера
|f Л. В. Ксанфомалити
|
| 210 |
|
|
|a Москва
|c Наука
|d 1985
|
| 215 |
|
|
|a 376 с.
|c ил., 4 л. ил.
|
| 320 |
|
|
|a Библиогр.: с. 344-372
|
| 320 |
|
|
|a Предметный указатель: с. 373-376
|
| 606 |
1 |
|
|a Планеты
|x Физика
|2 stltpush
|3 (RuTPU)RU\TPU\subj\49004
|9 67816
|
| 610 |
1 |
|
|a Венера
|
| 610 |
1 |
|
|a поверхность
|
| 610 |
1 |
|
|a атмосфера
|
| 610 |
1 |
|
|a облака
|
| 610 |
1 |
|
|a тепловые излучения
|
| 610 |
1 |
|
|a спектры
|
| 610 |
1 |
|
|a электрическая активность
|
| 610 |
1 |
|
|a внутреннее строение
|
| 675 |
|
|
|a 523.4
|z rus
|v 3
|
| 700 |
|
1 |
|a Ксанфомалити
|b Л. В.
|g Леонид Васильевич
|4 070
|
| 801 |
|
0 |
|a RU
|b RuMRKP
|c 19950704
|g psbo
|
| 801 |
|
1 |
|a RU
|b 63413507
|c 20141114
|
| 801 |
|
2 |
|a RU
|b 63413507
|c 20170126
|g RCR
|
| 942 |
|
|
|c BK
|